000 00907nam a2200253Ia 4500
003 OSt
005 20220923222137.0
006 a|||||r|||| 00| 0
007 ta
008 220922b |||||||| |||| 00| 0 hin d
024 _a203,362
037 _cTextual
040 _aARTS
_cARTS
_bhin
041 _2hin
_ahin
082 _aO157,3N12x, 152M6
100 _aमित्र, विमल; पाडियां, श्ंाभुनाथ, अनु.
_9166108
245 0 _aकलकत्ता 85
246 _aKalakattā 85
260 _aदिल्ली
_b सन्मार्ग प्रका0
_c1986
300 _a144पृ.
_ccm.
650 _aबंगाली साहित्य
_9156264
942 _hO157,3N12x, 152M6
_cTEXL
_2CC
999 _c354114
_d354114